[Event "Challenge"]
[Site "http://www.queenalice.com/game.php?id=215024"]
[Date "2007.5.22"]
[Round "-"]
[White "Cuiabano"]
[Black "Knight_XY"]
[Result "0-1"]
[WhiteElo "1553"]
[BlackElo "1581"]

1. d4 Nf6 2. Nf3 e6 3. Nc3 Bb4 4. e3 b6 5. a3 Bxc3+ 6. bxc3 Bb7 7. Be2 O-O 8.
O-O Ne4 9. c4 f5 10. d5 Nc3 11. Qd2 Qf6 12. Bd3 Ne4 13. Qe1 Qxa1 14. c3 Qxc3 15.
Qxc3 Nxc3 16. h3 exd5 17. cxd5 Bxd5 18. Bb2 Na4 19. Be5 d6 0-1

[Event "Challenge"]
[Site "http://www.queenalice.com/game.php?id=223135"]
[Date "2007.6.10"]
[Round "-"]
[White "bish"]
[Black "Knight_XY"]
[Result "0-1"]
[WhiteElo "1614"]
[BlackElo "1643"]

1. e4 d5 2. Nc3 d4 3. Nce2 e5 4. Ng3 Nf6 5. Nf3 Bd6 6. Bb5+ Nbd7 7. d3 O-O 8.
O-O Nb6 9. Nf5 a6 10. Bc4 Nxc4 11. dxc4 Bxf5 12. exf5 Qd7 13. Nh4 Rae8 14. f4 e4
15. Qxd4 Qc6 16. Kh1 Be7 17. h3 Rd8 18. Qc3 Nh5 19. g3 Bf6 20. Qb3 e3+ 21. Kh2
e2 22. Re1 Bxh4 23. gxh4 Rd1 24. Qc3 Rfd8 25. b3 Rxe1 26. Qxe1 Rd1 27. Bd2 Rxe1
28. Rxe1 Qf3 29. Rg1 Nxf4 30. Bxf4 Qxf4+ 31. Kg2 Qxh4 32. Kf3 e1=Q 33. Rxe1 Qxe1
34. Kg4 Qe3 35. h4 h5+ 36. Kxh5 Qf4 0-1

[Event "Challenge"]
[Site "http://www.queenalice.com/game.php?id=223788"]
[Date "2007.6.11"]
[Round "-"]
[White "sunking"]
[Black "Knight_XY"]
[Result "0-1"]
[WhiteElo "1712"]
[BlackElo "1834"]

1. e4 d5 2. Nc3 d4 3. Nd5 e5 4. Bb5+ c6 5. Ba4 Nd7 6. d3 cxd5 7. exd5 Qa5+ 8.
Bd2 Qxa4 9. Nf3 Ngf6 10. O-O Nxd5 11. c4 Qxd1 12. Raxd1 Nb4 13. a3 Nxd3 14. Bb4
Nxb4 15. axb4 Bxb4 16. h3 O-O 17. b3 f6 18. Nh4 Nc5 19. f4 Re8 20. Rfe1 Bxe1 21.
Rxe1 Nxb3 22. Nf3 a5 23. Rb1 a4 24. Kf1 a3 25. Rxb3 a2 26. fxe5 a1=Q+ 27. Kf2
fxe5 28. Rb5 Ra2+ 29. Kg3 Qf1 0-1

[Event "Challenge"]
[Site "http://www.queenalice.com/game.php?id=226824"]
[Date "2007.6.17"]
[Round "-"]
[White "sunking"]
[Black "Knight_XY"]
[Result "0-1"]
[WhiteElo "1728"]
[BlackElo "1880"]

1. e4 Nf6 2. Nc3 e5 3. d4 exd4 4. Nd5 c6 5. e5 Nxd5 6. Qe2 Bb4+ 7. Bd2 Qb6 8. a3
Bxd2+ 9. Qxd2 Qxb2 10. Rd1 Nc3 11. Qxd4 Nxd1 12. Qxd1 Qxe5+ 13. Qe2 Qxe2+ 14.
Nxe2 d5 15. Nf4 O-O 16. Nh5 Nd7 17. Bd3 Nc5 18. O-O Nxd3 19. cxd3 Bf5 20. d4
Rfe8 21. h3 Bd3 22. Nf4 Bxf1 23. Kxf1 Re4 24. g3 Rxd4 25. Ne2 Ra4 26. Nf4 Rxa3
27. Kg2 d4 28. Kf1 Re8 29. Ne2 d3 30. Nc1 d2 0-1

[Event "Challenge"]
[Site "http://www.queenalice.com/game.php?id=228283"]
[Date "2007.6.20"]
[Round "-"]
[White "Kronista"]
[Black "Knight_XY"]
[Result "0-1"]
[WhiteElo "1755"]
[BlackElo "1754"]

1. e4 Nf6 2. Nc3 d5 3. exd5 Nxd5 4. Qf3 e6 5. Bc4 c6 6. d4 Nd7 7. Nge2 N7f6 8.
Bg5 Be7 9. Nxd5 exd5 10. Bd3 O-O 11. O-O Bg4 12. Qg3 Bxe2 13. Bxe2 Ne4 14. Qh4
Bxg5 15. Qh3 Qb6 16. Qh5 Bf6 17. Bd3 Qxb2 18. Rab1 Qxa2 19. h4 Bxd4 20. g4 g6
21. Qh6 Nxf2 22. Kg2 Nxd3 0-1

[Event "Challenge"]
[Site "http://www.queenalice.com/game.php?id=228287"]
[Date "2007.6.20"]
[Round "-"]
[White "Kronista"]
[Black "Knight_XY"]
[Result "0-1"]
[WhiteElo "1735"]
[BlackElo "1859"]

1. e4 d5 2. exd5 Qxd5 3. Nc3 Qd6 4. Bc4 Nf6 5. d3 a6 6. Bg5 b5 7. Bb3 Bb7 8. Nf3
Nbd7 9. O-O e6 10. Re1 Be7 11. Ne4 Nxe4 12. Bxe7 Kxe7 13. dxe4 Qxd1 14. Raxd1
Nc5 15. Nd2 Rhd8 16. c4 Nd3 17. Re2 Nxb2 18. Rb1 Nd3 19. Re3 Nxf2 20. Kxf2 Rxd2+
21. Kf3 f5 22. Rd1 Bxe4+ 23. Kf4 Rxd1 24. Bxd1 Kf6 25. g4 e5+ 0-1

[Event "Challenge"]
[Site "http://www.queenalice.com/game.php?id=228290"]
[Date "2007.6.20"]
[Round "-"]
[White "Knight_XY"]
[Black "Kronista"]
[Result "1-0"]
[WhiteElo "1798"]
[BlackElo "1755"]

1. e4 e5 2. Nf3 Nc6 3. d4 exd4 4. c3 dxc3 5. Nxc3 Nf6 6. Bc4 Bc5 7. e5 Ng4 8.
Bxf7+ Kxf7 9. Qd5+ Ke8 10. Qxc5 Qe7 11. Qxe7+ Nxe7 12. O-O b6 13. h3 Nh6 14. Re1
Bb7 15. Nd4 Nc6 16. Ndb5 Rc8 17. Nd5 Kd8 18. Bg5+ Ke8 19. Ndxc7+ Kf7 20. Bxh6
gxh6 21. Nd6+ Ke7 22. Nd5+ 1-0

[Event "Challenge"]
[Site "http://www.queenalice.com/game.php?id=228292"]
[Date "2007.6.20"]
[Round "-"]
[White "Knight_XY"]
[Black "Kronista"]
[Result "1-0"]
[WhiteElo "1696"]
[BlackElo "1755"]

1. Nf3 Nc6 2. d4 e6 3. e4 d5 4. e5 Nge7 5. c3 g6 6. Bd3 Bg7 7. O-O f6 8. exf6
Bxf6 9. Re1 O-O 10. Bh6 Rf7 11. Ng5 Bxg5 12. Bxg5 Qf8 13. Qd2 Na5 14. Bh6 Qd8
15. b3 Nf5 16. Bf4 Qh4 17. Bg5 Qh5 18. Be2 1-0

[Event "Challenge"]
[Site "http://www.queenalice.com/game.php?id=230471"]
[Date "2007.6.25"]
[Round "-"]
[White "Andre251"]
[Black "Knight_XY"]
[Result "0-1"]
[WhiteElo "1743"]
[BlackElo "1898"]

1. e4 d5 2. e5 Bf5 3. d4 e6 4. Bd3 Bxd3 5. Qxd3 c5 6. Nf3 Nc6 7. c3 cxd4 8. Nxd4
Nxe5 9. Qg3 Ng6 10. Nd2 Bd6 11. Qd3 Nf6 12. Qb5+ Qd7 13. a4 O-O 14. O-O Qc7 15.
N2f3 a6 16. Qb3 e5 17. Nf5 e4 18. N3h4 Nxh4 19. Nxh4 Bxh2+ 20. Kh1 Bf4 21. Bxf4
Qxf4 22. g3 Qg4 23. Kg2 Qh5 24. Rh1 Rae8 25. Rae1 g5 26. Qb6 Re6 27. Qe3 gxh4
28. Rxh4 Qf3+ 29. Kf1 Qxe3 30. Rxe3 Rc8 31. a5 h5 32. b4 Rec6 33. Rf4 Kg7 34.
Rf5 Kg6 35. Re5 Ng4 36. Re2 Nxe5 0-1

[Event "Challenge"]
[Site "http://www.queenalice.com/game.php?id=281797"]
[Date "2007.10.5"]
[Round "-"]
[White "blikinn"]
[Black "Knight_XY"]
[Result "0-1"]
[WhiteElo "1983"]
[BlackElo "1997"]

1. d4 Nf6 2. Nc3 e6 3. Bg5 d5 4. a3 c5 5. dxc5 Bxc5 6. e3 O-O 7. Bb5 a6 8. Ba4
b5 9. Bb3 Bb7 10. Nf3 Nbd7 11. O-O Rc8 12. a4 b4 13. Ne2 Qc7 14. a5 Ne4 15. Bf4
e5 16. Bg3 Qd6 17. Ba4 Nxg3 18. Nxg3 Nf6 19. Qe2 Rfd8 20. Rfd1 Qc7 21. Bb3 h6
22. c4 bxc3 23. bxc3 Ba7 24. Rdc1 g6 25. Qa2 Kg7 26. Rc2 Bc6 27. h3 Rb8 28. c4
d4 29. exd4 exd4 30. Rd2 d3 31. Nf1 Bxf3 32. gxf3 Qf4 33. Bd1 Qg5+ 34. Kh2 Bd4
35. Rb1 Be5+ 36. Kh1 Qh4 37. Kg2 Nh5 0-1

[Event "Challenge"]
[Site "http://www.queenalice.com/game.php?id=281798"]
[Date "2007.10.5"]
[Round "-"]
[White "Knight_XY"]
[Black "blikinn"]
[Result "1-0"]
[WhiteElo "1974"]
[BlackElo "1983"]

1. e4 e5 2. Nf3 d6 3. d4 exd4 4. Nxd4 Nf6 5. Nc3 h6 6. Bc4 Bd7 7. O-O Nc6 8.
Nxc6 Bxc6 9. Bd5 Qd7 10. Bxc6 Qxc6 11. Nd5 Be7 12. Nxe7 Kxe7 13. f3 Rhe8 14. b3
Kf8 15. Bb2 Re6 16. c4 a5 17. Rc1 Qc5+ 18. Bd4 Qb4 19. a3 Qxa3 20. Ra1 Qb4 21.
Ra4 Qxa4 22. bxa4 Nd7 23. c5 Ra6 24. cxd6 Raxd6 25. Qa1 g5 26. Qc3 b6 27. Bf2
Rc6 28. Qh8+ Ke7 29. Bg3 Nf8 30. Rd1 Rc2 31. Qd4 f6 32. Bxc7 Rec6 33. Bd6+ Kf7
34. Bxf8 Kxf8 35. Qd8+ Kf7 36. Rd7+ 1-0

[Event "Good Night.."]
[Site "http://www.queenalice.com/game.php?id=298575"]
[Date "2007.11.5"]
[Round "-"]
[White "Knight_XY"]
[Black "technicaldraw"]
[Result "1-0"]
[WhiteElo "1946"]
[BlackElo "2020"]

1. e4 e6 2. d3 d5 3. Nd2 Nf6 4. Ngf3 b6 5. g3 dxe4 6. dxe4 Bb7 7. Qe2 Ba6 8. c4
Nc6 9. e5 Nd7 10. Bg2 Nc5 11. O-O Bb7 12. Nb3 Nxb3 13. axb3 Bc5 14. Rd1 Qe7 15.
Bg5 f6 16. exf6 gxf6 17. Bh6 Rd8 18. Ng5 fxg5 19. Qh5+ Qf7 20. Bxc6+ Bxc6 21.
Rxd8+ 1-0

[Event "buenas noches.."]
[Site "http://www.queenalice.com/game.php?id=298576"]
[Date "2007.11.5"]
[Round "-"]
[White "technicaldraw"]
[Black "Knight_XY"]
[Result "0-1"]
[WhiteElo "2020"]
[BlackElo "1914"]

1. e4 d5 2. exd5 Qxd5 3. Nc3 Qd6 4. d4 Nf6 5. Nf3 a6 6. g3 Bg4 7. Bg2 Nc6 8. O-O
O-O-O 9. Bf4 Qb4 10. a3 Qb6 11. Be3 Bxf3 12. Bxf3 Nxd4 13. Bxd4 Rxd4 14. Qc1 e6
15. b4 Be7 16. Qg5 h6 17. Qxg7 Rh7 0-1

[Event "Let's Play Chess!"]
[Site "http://www.queenalice.com/game.php?id=324660"]
[Date "2007.12.23"]
[Round "-"]
[White "Knight_XY"]
[Black "BogusBogart"]
[Result "1/2-1/2"]
[WhiteElo "2017"]
[BlackElo "2043"]

1. e4 e6 2. d3 d5 3. Nd2 c5 4. g3 d4 5. Bg2 e5 6. Ngf3 Nc6 7. O-O Nf6 8. Nc4 Bg4
9. a4 Be7 10. h3 Bxf3 11. Qxf3 O-O 12. Qe2 Nd7 13. f4 f6 14. a5 b5 15. axb6 axb6
16. Rxa8 Qxa8 17. Qg4 Qb7 18. Qe6+ Kh8 19. Bd2 Ra8 20. fxe5 Ndxe5 21. Nxe5 Nxe5
22. Bf4 Qc7 23. Qd5 Rd8 24. Bxe5 Qxe5 25. Qxe5 1/2-1/2